000 00714nam a2200253Ia 4500
003 OSt
005 20220927105751.0
006 a|||||r|||| 00| 0
007 ta
008 220926b |||||||| |||| 00| 0 eng d
024 _a206869
037 _cReference Collections
040 _aRTL
_cRTL
_beng
041 _2eng
_aeng
082 _a"Y9(T2).2, P9/GD"
100 _aWORLD BANK
110 _aWORLD BANK
245 0 _aSecondary education in India
_b Universalizing opportunity
260 _a"Washington,"
_b"D.C, World Bank, "
_c2009
300 _axxxiii; 127p.
_ccm.
700 _aWORLD BANK
942 _h"Y9(T2).2, P9/GD"
_cCC
999 _c694528
_d694528